Great political thinkers. : (Record no. 309)
[ view plain ]
| 000 -LEADER | |
|---|---|
| fixed length control field | 00494cam a2200181ua 4500 |
| 008 - FIXED-LENGTH DATA ELEMENTS--GENERAL INFORMATION | |
| fixed length control field | 110330n ii |||gr||||Z||||||eng |
| 040 ## - CATALOGING SOURCE | |
| Transcribing agency | MAIN |
| 082 ## - DEWEY DECIMAL CLASSIFICATION NUMBER | |
| Classification number | 320.5 |
| 245 1# - TITLE STATEMENT | |
| Title | Great political thinkers. : |
| Remainder of title | east & west. / |
| Statement of responsibility, etc. | By Ram Chandra Gupta. |
| 250 ## - EDITION STATEMENT | |
| Edition statement | 8th. |
| 260 ## - PUBLICATION, DISTRIBUTION, ETC. | |
| Place of publication, distribution, etc. | New Delhi.: |
| Name of publisher, distributor, etc. | Lakshi narayan agarwall.,997. |
| 300 ## - PHYSICAL DESCRIPTION | |
| Extent | viii, 551 p.:5 cm. |
| 700 1# - ADDED ENTRY--PERSONAL NAME | |
| Personal name | Gupta, Ram Chandra., |
| 942 ## - ADDED ENTRY ELEMENTS (KOHA) | |
| Koha item type | Books |
| 653 ## - INDEX TERM--UNCONTROLLED | |
| Uncontrolled term | Political science. |
| 653 ## - INDEX TERM--UNCONTROLLED | |
| Uncontrolled term | Great political thinkers. |
| Withdrawn status | Lost status | Damaged status | Not for loan | Home library | Current library | Shelving location | Date acquired | Total Checkouts | Full call number | Barcode | Date last seen | Copy number | Price effective from | Koha item type |
|---|---|---|---|---|---|---|---|---|---|---|---|---|---|---|
| Central Library, Naharkatiya College | Central Library, Naharkatiya College | 19/09/2020 | 320.5 | GUP | 724 | 19/09/2020 | 1 | 19/09/2020 | Books |
